American Dictators - Statistics

General Stats
  • This quiz has been taken 62 times
  • The average score is 7 of 19
Answer Stats
Country Dictator % Correct
Cuba Fidel Castro
98%
Chile Augusto Pinochet
85%
Haiti Francois Duvalier
72%
Venezuela Nicolas Maduro
65%
Venezuela Hugo Chavez
59%
Panama Manuel Noriega
59%
Cuba Fulgencio Batista
57%
Argentina Juan Peron
57%
Peru Alberto Fujimori
33%
Argentina Jorge Videla
33%
Brazil Getulio Vargas
28%
Nicaragua Anastasio Somoza
24%
Nicaragua Anastasio Somoza
24%
Guatemala Efrain Montt
13%
Paraguay Alfredo Stroessner
9%
Bolivia Luis Meza
7%
Costa Rica Federico Granados
2%
El Salvador Carlos Romero
0%
Honduras Oswaldo Arellano
0%
No matching quizzes found
Score Distribution
Percent of People with Each Score
Percentile by Number Answered
Your Score History
You have not taken this quiz